[Event "Hurtigskak-DM 2016"]
[Site "Fredericia"]
[Date "2016.09.25"]
[Round "4"]
[White "Borovnica, Tihomir"]
[Black "Kristensen, Kaare Hove"]
[Result "1/2-1/2"]
[WhiteElo "2239"]
[BlackElo "2303"]
[PlyCount "157"]
[EventDate "2016.??.??"]

1. d4 d5 2. c4 c6 3. Nc3 Nf6 4. Nf3 e6 5. g3 dxc4 6. Bg2 b5 7. O-O Nbd7 8. e4
Bb7 9. e5 Nd5 10. Ng5 Nxc3 11. bxc3 Be7 12. Qh5 Bxg5 13. Bxg5 Qc7 14. Rfe1 Nb6
15. Rab1 a6 16. Rbd1 Nd5 17. Bxd5 cxd5 18. f4 O-O 19. Bf6 gxf6 20. exf6 Kh8 21.
Re5 Rg8 22. Qh4 Qxe5 23. fxe5 a5 24. Qh5 Rg6 25. Rb1 Bc6 26. Qe2 Rb8 27. Qd2
Rgg8 28. a3 Rb7 29. Qh6 Rbb8 30. Kg2 Rbc8 31. a4 bxa4 32. Rb6 a3 33. Qc1 Ba4
34. Qxa3 Bc2 35. Rb7 Be4+ 36. Kf2 Bg6 37. Qxa5 Ra8 38. Ra7 Rab8 39. Ke3 Rb3 40.
Kf4 Rbb8 41. g4 h6 42. Qa1 Kh7 43. h3 Rgf8 44. Ke3 Rb1 45. Qa5 Rb3 46. Kf4 Rbb8
47. Qc5 Rg8 48. Rc7 Rb3 49. Rc8 Rb8 50. Rxb8 Rxb8 51. h4 h5 52. Kg5 Rg8 53.
gxh5 Bf5+ 54. Kf4 Bg4 55. h6 Kxh6 56. Qa3 Bh5 57. Ke3 Rg3+ 58. Kf2 Rg8 59. Qb4
Kh7 60. Ke1 Kh6 61. Kd2 Kh7 62. Kc1 Kh6 63. Kb2 Kh7 64. Qd6 Kh6 65. Ka3 Kh7 66.
Kb4 Kh6 67. Kc5 Kh7 68. Kc6 Rc8+ 69. Kd7 Rg8 70. Ke7 Kh6 71. Qa3 Kh7 72. Qc1
Rg3 73. Qf4 Rg8 74. Qe3 Rg2 75. Qf4 Rg8 76. Qf2 Kh8 77. Qe1 Kh7 78. Qe3 Rg2 79.
Qf4 1/2-1/2

[Event "Hurtigskak-DM 2016"]
[Site "Fredericia"]
[Date "2016.09.25"]
[Round "4"]
[White "Matthiesen, Martin"]
[Black "Laursen, Niels Norskov"]
[Result "1-0"]
[WhiteElo "2255"]
[BlackElo "2326"]
[PlyCount "51"]
[EventDate "2016.??.??"]

1. d4 Nf6 2. c4 c5 3. d5 e6 4. Nc3 exd5 5. cxd5 d6 6. Nf3 g6 7. h3 Bg7 8. e4
O-O 9. Bd3 b5 10. O-O a6 11. Re1 Re8 12. Bf4 c4 13. Bc2 b4 14. Na4 Bd7 15. e5
dxe5 16. Nxe5 Bb5 17. d6 Nc6 18. Qd2 Nh5 19. Nxc6 Bxc6 20. Be3 Rb8 21. Bb6 Qc8
22. Bc7 Rb5 23. Rxe8+ Qxe8 24. Re1 Re5 25. Rxe5 Qxe5 26. d7 1-0

[Event "Hurtigskak-DM 2016"]
[Site "Fredericia"]
[Date "2016.09.25"]
[Round "4"]
[White "Thogersen, Rasmus"]
[Black "Glud, Jakob Vang"]
[Result "0-1"]
[WhiteElo "2169"]
[BlackElo "2514"]
[PlyCount "54"]
[EventDate "2016.??.??"]

1. e4 e5 2. Nf3 Nc6 3. Bb5 a6 4. Ba4 Nf6 5. O-O b5 6. Bb3 Be7 7. Re1 d6 8. c3
O-O 9. h3 Nb8 10. d4 Nbd7 11. Nbd2 c5 12. Nf1 Re8 13. Ng5 c4 14. Bc2 Bb7 15. f4
h6 16. Nf3 Bf8 17. Ng3 Qb6 18. Kh2 Rad8 19. b3 cxb3 20. axb3 Rc8 21. Qd3 Qc7
22. fxe5 dxe5 23. Bb2 exd4 24. e5 Nxe5 25. Nxe5 Rxe5 26. Qxd4 Rg5 27. Qh4 Rxg3
0-1

[Event "Hurtigskak-DM 2016"]
[Site "Fredericia"]
[Date "2016.09.25"]
[Round "4"]
[White "Fries Nielsen, Jens Ove"]
[Black "Schwarz, Frank"]
[Result "0-1"]
[WhiteElo "2426"]
[BlackElo "2248"]
[PlyCount "72"]
[EventDate "2016.??.??"]

1. d4 Nf6 2. Bg5 e6 3. e4 h6 4. Bxf6 Qxf6 5. Nc3 d6 6. a3 a6 7. h4 g6 8. Nf3
Bg7 9. e5 Qe7 10. Bd3 Nc6 11. Qe2 dxe5 12. dxe5 Qc5 13. O-O-O Nxe5 14. Nxe5
Qxe5 15. Qf3 Qf6 16. Qg3 Qe7 17. Be4 O-O 18. f4 Rb8 19. Rhe1 b5 20. Rd3 b4 21.
b3 h5 22. axb4 Qxb4 23. Bc6 Rb6 24. Ba4 Rd6 25. Rxd6 cxd6 26. Nb1 Bb7 27. c3
Rc8 28. Re3 d5 29. Kb2 Qc5 30. Bd7 Rc7 31. Bxe6 fxe6 32. Rxe6 d4 33. Qxg6 dxc3+
34. Ka2 Rc8 35. Re8+ Rxe8 36. Qxe8+ Kh7 0-1

[Event "Hurtigskak-DM 2016"]
[Site "Fredericia"]
[Date "2016.09.25"]
[Round "4"]
[White "Rossen, Claus"]
[Black "Boe, Mads"]
[Result "1/2-1/2"]
[WhiteElo "2046"]
[BlackElo "2422"]
[PlyCount "94"]
[EventDate "2016.??.??"]

1. d4 f5 2. e4 fxe4 3. Nc3 Nf6 4. Bg5 g6 5. f3 exf3 6. Nxf3 Bg7 7. Bc4 c6 8.
Qe2 d5 9. Bd3 O-O 10. O-O-O Bg4 11. Rde1 Bxf3 12. gxf3 Qd6 13. Qxe7 Qxe7 14.
Rxe7 Rf7 15. Rxf7 Kxf7 16. f4 Nbd7 17. f5 Re8 18. fxg6+ hxg6 19. Rg1 Nf8 20.
Kd2 b5 21. Rf1 Ne6 22. Bxf6 Bxf6 23. Bxb5 Rc8 24. Bd3 Nxd4 25. b4 Rh8 26. b5
Rxh2+ 27. Kc1 Nf5 28. Bxf5 gxf5 29. Rxf5 Ke6 30. Rf3 c5 31. a4 Rh4 32. a5 Rb4
33. b6 Bxc3 34. bxa7 Ra4 35. Rxc3 Rxa5 36. Rxc5 Rxa7 37. Rc6+ Ke5 38. Kd2 Rh7
39. Rc8 Rh2+ 40. Kd3 Rh3+ 41. Kd2 Ke4 42. Re8+ Kd4 43. Re7 Rh2+ 44. Kd1 Rg2 45.
Re8 Rh2 46. Re7 Rg2 47. Re8 Rh2 1/2-1/2

[Event "Hurtigskak-DM 2016"]
[Site "Fredericia"]
[Date "2016.09.25"]
[Round "4"]
[White "Fries Nielsen, Niels Jorgen"]
[Black "Quist, Viggo Bove"]
[Result "1-0"]
[WhiteElo "2349"]
[BlackElo "2138"]
[PlyCount "67"]
[EventDate "2016.??.??"]

1. a3 d5 2. b4 g6 3. Bb2 Nf6 4. h4 Bg7 5. e3 Qd6 6. c4 c6 7. Nf3 Bg4 8. cxd5
cxd5 9. Qa4+ Bd7 10. Qb3 Nc6 11. Nc3 e5 12. Nb5 Qb8 13. d4 e4 14. Ne5 a6 15.
Nxd7 Kxd7 16. Nc3 Qd6 17. h5 gxh5 18. Be2 Ne7 19. a4 Rhc8 20. a5 Ke8 21. Na4
Rc7 22. Nc5 Kf8 23. Ba3 b5 24. axb6 Qxb6 25. Bxh5 Kg8 26. Be2 Nc6 27. O-O Ne8
28. Qxd5 Rd8 29. Qxe4 Nd6 30. Qh4 Re8 31. Bd3 h6 32. Nxa6 Ra7 33. b5 Na5 34.
Bc5 1-0

[Event "Hurtigskak-DM 2016"]
[Site "Fredericia"]
[Date "2016.09.25"]
[Round "5"]
[White "Ochsner, Bjorn Moller"]
[Black "Rasmussen, Allan Stig"]
[Result "1/2-1/2"]
[WhiteElo "2332"]
[BlackElo "2528"]
[PlyCount "73"]
[EventDate "2016.??.??"]

1. e4 c6 2. d4 d5 3. Nc3 dxe4 4. Nxe4 Nd7 5. Nf3 Ngf6 6. Ng3 e6 7. Bd3 c5 8.
O-O cxd4 9. Nxd4 Bc5 10. Nb3 Be7 11. Re1 O-O 12. Qf3 a5 13. a4 Nb6 14. Bb5 Qd5
15. Bd2 Bb4 16. Qxd5 Nbxd5 17. c3 Bd6 18. Rad1 Bc7 19. c4 Nb4 20. Bc3 b6 21.
Ne4 Nxe4 22. Rxe4 Bb7 23. Rg4 e5 24. Bxb4 axb4 25. c5 Rfd8 26. Rc1 Bd5 27. cxb6
Bxb6 28. Rxb4 Bxb3 29. Rxb3 Rd2 30. Rf1 Bd4 31. Bc4 Rxb2 32. Rxb2 Bxb2 33. Rb1
Ba3 34. Rb7 Rxa4 35. Bxf7+ Kf8 36. Bb3 Rf4 37. g3 1/2-1/2

[Event "Hurtigskak-DM 2016"]
[Site "Fredericia"]
[Date "2016.09.25"]
[Round "5"]
[White "Kristensen, Kaare Hove"]
[Black "Matthiesen, Martin"]
[Result "0-1"]
[WhiteElo "2303"]
[BlackElo "2255"]
[PlyCount "126"]
[EventDate "2016.??.??"]

1. e4 e5 2. Nf3 Nc6 3. d4 exd4 4. Nxd4 Nf6 5. Nxc6 bxc6 6. e5 Qe7 7. Qe2 Nd5 8.
c4 Ba6 9. Nd2 g6 10. Ne4 Qb4+ 11. Kd1 O-O-O 12. Qd2 Qxd2+ 13. Bxd2 Nb6 14. Ng5
Re8 15. Nxf7 Rg8 16. b3 Re7 17. Nh6 Bxh6 18. Bxh6 Rxe5 19. Be3 d5 20. c5 Bxf1
21. Rxf1 d4 22. cxb6 dxe3 23. fxe3 axb6 24. Ke2 Rge8 25. Rf3 Rc5 26. Rd1 Kb7
27. Rf7 Rc3 28. Rd3 Rc2+ 29. Kf3 Rxa2 30. Rdd7 Rc8 31. Rxh7 Rb2 32. Rd3 Rf8+
33. Kg3 Rff2 34. Rdd7 Rxg2+ 35. Kf3 c5 36. Rxc7+ Ka6 37. h4 Rgf2+ 38. Kg3 Rf1
39. e4 Rxb3+ 40. Kg4 Re3 41. Rhe7 Rfe1 42. Kf4 Rh3 43. Kg4 Reh1 44. e5 Rxh4+
45. Kg5 Re4 46. Kxg6 Kb5 47. e6 Kb4 48. Kf5 Rhe1 49. Rc6 b5 50. Rb7 c4 51. Rcb6
Re5+ 52. Kf6 c3 53. Rc6 Rc5 54. Rxc5 Kxc5 55. Rc7+ Kd4 56. e7 b4 57. Rd7+ Kc4
58. Rc7+ Kd3 59. Rd7+ Kc2 60. Rd5 Rxe7 61. Kxe7 b3 62. Kd6 b2 63. Rb5 b1=Q 0-1

[Event "Hurtigskak-DM 2016"]
[Site "Fredericia"]
[Date "2016.09.25"]
[Round "5"]
[White "Glud, Jakob Vang"]
[Black "Fries Nielsen, Niels Jorgen"]
[Result "0-1"]
[WhiteElo "2514"]
[BlackElo "2349"]
[PlyCount "68"]
[EventDate "2016.??.??"]

1. c4 a6 2. g3 h5 3. h4 c6 4. Bg2 b5 5. b3 d5 6. Nf3 dxc4 7. bxc4 Be6 8. Na3
Ra7 9. O-O b4 10. Nc2 c5 11. d4 Bxc4 12. Ne3 Bb5 13. a4 Bc6 14. d5 Ba8 15. Ne5
Nf6 16. Bb2 g6 17. Rc1 Rc7 18. Nd3 Nbd7 19. Qc2 a5 20. Nc4 Bh6 21. Rcd1 O-O 22.
e4 Rc8 23. Nf4 Bxf4 24. gxf4 Nb6 25. Nxb6 Qxb6 26. e5 Ng4 27. e6 Qd6 28. Qc4
fxe6 29. Be5 Nxe5 30. fxe5 Qxe5 31. Rde1 Bxd5 32. Qa6 Qd6 33. Qd3 Rf5 34. Re3
Bxg2 0-1

[Event "Hurtigskak-DM 2016"]
[Site "Fredericia"]
[Date "2016.09.25"]
[Round "5"]
[White "Dyrgaard, Kristoffer"]
[Black "Borovnica, Tihomir"]
[Result "1-0"]
[WhiteElo "2282"]
[BlackElo "2239"]
[PlyCount "94"]
[EventDate "2016.??.??"]

1. e4 e6 2. Nf3 d5 3. Nc3 Nf6 4. e5 Nfd7 5. d4 a6 6. Bd3 Be7 7. Ne2 c5 8. c3
Nc6 9. O-O b5 10. Re1 c4 11. Bc2 g5 12. h3 Nf8 13. Qd2 Rg8 14. Ng3 Kd7 15. Nh2
Kc7 16. Ng4 Ng6 17. Nh5 Rh8 18. g3 Kb7 19. b3 Ka7 20. b4 a5 21. a4 Nxb4 22.
axb5 Nxc2 23. Qxc2 Kb6 24. Ngf6 h6 25. Qa4 Ra7 26. Ba3 Qf8 27. Reb1 Bxa3 28.
Rxa3 Qe7 29. Rba1 Bb7 30. Qc2 Bc8 31. Qa2 Bb7 32. Rxa5 Raa8 33. Ra7 Rxa7 34.
Qxa7+ Kc7 35. Qa5+ Kb8 36. Qb6 Qc7 37. Qa7+ Kc8 38. Ng7 Kd8 39. Qa8+ Bxa8 40.
Rxa8+ Qc8 41. Rxc8+ Kxc8 42. Nge8 Kb7 43. Nd6+ Kc7 44. Nxf7 Ra8 45. Nxh6 Kb6
46. Nf7 Ra3 47. Nxg5 Nf8 1-0

[Event "Hurtigskak-DM 2016"]
[Site "Fredericia"]
[Date "2016.09.25"]
[Round "5"]
[White "Schwarz, Frank"]
[Black "Antonsen, Mikkel"]
[Result "0-1"]
[WhiteElo "2248"]
[BlackElo "2447"]
[PlyCount "54"]
[EventDate "2016.??.??"]

1. c4 e6 2. g3 d5 3. Bg2 Nf6 4. Nf3 Be7 5. O-O O-O 6. b3 b6 7. Bb2 Bb7 8. d3 c5
9. Nbd2 Nc6 10. a3 Qc7 11. Qc2 Rfd8 12. Rac1 d4 13. Rcd1 Nd7 14. e3 e5 15. exd4
exd4 16. Rfe1 Bf8 17. Nf1 Re8 18. Bc1 Nce5 19. Nxe5 Nxe5 20. Bf4 Bxg2 21. Bxe5
Qc6 22. Nd2 Bh3 23. f3 f6 24. Bf4 g5 25. g4 gxf4 26. Ne4 f5 27. Ng5 Qh6 0-1

[Event "Hurtigskak-DM 2016"]
[Site "Fredericia"]
[Date "2016.09.25"]
[Round "5"]
[White "Stentebjerg Hansen, Per"]
[Black "Skytte, Rasmus"]
[Result "0-1"]
[WhiteElo "2133"]
[BlackElo "2428"]
[PlyCount "86"]
[EventDate "2016.??.??"]

1. d4 Nf6 2. Nf3 c5 3. c3 d5 4. g3 g6 5. Bg2 Bg7 6. O-O Nbd7 7. Ne5 O-O 8. Bg5
Qb6 9. Nxd7 Bxd7 10. Qb3 Qxb3 11. axb3 cxd4 12. cxd4 Ne4 13. Be3 e6 14. Rc1 Bc6
15. f3 Nd6 16. Bf2 Nb5 17. e3 e5 18. Rd1 Rfe8 19. Nc3 exd4 20. exd4 Nc7 21. Bf1
a6 22. Kg2 Re7 23. Rac1 Rae8 24. Na4 Bb5 25. Nc3 Bxf1+ 26. Kxf1 f5 27. Rc2 Rd7
28. Re2 Rxe2 29. Kxe2 Rd6 30. Kd3 Rb6 31. Kc2 Kf7 32. Be3 Rc6 33. Kd3 Ne6 34.
Bf2 Rd6 35. Kc2 Nd8 36. b4 b5 37. Ne2 Ke7 38. Kd3 Rc6 39. b3 Kd6 40. Ra1 Ne6
41. Be3 Bf8 42. Bd2 Kd7 43. Ra2 Rb6 0-1

[Event "Hurtigskak-DM 2016"]
[Site "Fredericia"]
[Date "2016.09.25"]
[Round "5"]
[White "Boe, Mads"]
[Black "Nielsen, Viktor Haarmark"]
[Result "1-0"]
[WhiteElo "2422"]
[BlackElo "2059"]
[PlyCount "119"]
[EventDate "2016.??.??"]

1. e4 c5 2. c3 Nf6 3. e5 Nd5 4. d4 cxd4 5. Qxd4 e6 6. Nf3 Nc6 7. Qe4 b6 8. g3
Bb7 9. Bg2 Be7 10. O-O d6 11. exd6 Qxd6 12. Rd1 Qc7 13. c4 Nf6 14. Qe2 Rd8 15.
Rxd8+ Qxd8 16. Nc3 O-O 17. Be3 Qa8 18. Rd1 Rd8 19. Rxd8+ Bxd8 20. Ne1 Be7 21.
h3 Na5 22. Bxb7 Qxb7 23. Qd3 Nd7 24. b3 h6 25. Qe4 Bb4 26. Qxb7 Nxb7 27. Bd2
Nbc5 28. Kf1 f6 29. Ke2 Kf7 30. Nc2 Bxc3 31. Bxc3 Ne4 32. Be1 Ne5 33. f3 Nc5
34. Bc3 Nc6 35. Ke3 e5 36. Bb2 Ke6 37. g4 g6 38. Bc3 f5 39. Ke2 h5 40. gxh5
gxh5 41. b4 Nd7 42. f4 exf4 43. b5 Nce5 44. Nd4+ Kf7 45. Nxf5 Nxc4 46. Kd3 Na3
47. Nd4 Nc5+ 48. Ke2 Kg6 49. Kf3 Kf7 50. Bb4 Nc4 51. Bxc5 bxc5 52. Nb3 Nd6 53.
a4 c4 54. Nd4 Kf6 55. Kxf4 Nb7 56. Ke4 Nc5+ 57. Kd5 Nxa4 58. Kxc4 Nb6+ 59. Kc5
Ke5 60. Nc6+ 1-0

[Event "Hurtigskak-DM 2016"]
[Site "Fredericia"]
[Date "2016.09.25"]
[Round "5"]
[White "Jaksland, Tim"]
[Black "Rossen, Claus"]
[Result "0-1"]
[WhiteElo "2265"]
[BlackElo "2046"]
[PlyCount "68"]
[EventDate "2016.??.??"]

1. Nf3 c5 2. c4 Nf6 3. g3 d5 4. cxd5 Nxd5 5. Bg2 Nc6 6. Nc3 e6 7. O-O Be7 8.
Nxd5 exd5 9. d4 O-O 10. Be3 c4 11. Ne5 Bf5 12. Qd2 a5 13. Rfc1 a4 14. Bf4 Qa5
15. Qd1 Bf6 16. Bd2 Qd8 17. Bf4 Re8 18. Nxc6 bxc6 19. Bf3 Qb6 20. Qd2 Qxd4 21.
Qc3 Qb6 22. Qe1 Bxb2 23. Rab1 Bxb1 24. Rxb1 a3 25. Qd2 Ra7 26. h4 Qd4 27. Qc2
Qc3 28. Qf5 Qf6 29. Qc2 Qg6 30. Qd1 c3 31. h5 Qf5 32. Qd4 Rb7 33. Rf1 c2 34. h6
Bxd4 0-1

[Event "Hurtigskak-DM 2016"]
[Site "Fredericia"]
[Date "2016.09.25"]
[Round "6"]
[White "Rasmussen, Allan Stig"]
[Black "Matthiesen, Martin"]
[Result "1-0"]
[WhiteElo "2528"]
[BlackElo "2255"]
[PlyCount "63"]
[EventDate "2016.??.??"]

1. d4 Nf6 2. Nf3 e6 3. e3 d5 4. Bd3 c5 5. b3 Nc6 6. O-O Bd6 7. Bb2 O-O 8. Nbd2
b6 9. a3 Bb7 10. Qe2 Ne7 11. Rfd1 Qc7 12. h3 Rac8 13. c4 cxd4 14. Nxd4 Qb8 15.
Nb5 Bh2+ 16. Kh1 a6 17. Nd4 dxc4 18. Nxc4 Bc7 19. Nf3 Ng6 20. a4 Rfd8 21. Rac1
Nd5 22. Ng5 Nde7 23. Qg4 b5 24. axb5 axb5 25. Na3 Bd5 26. Bxb5 Bxb3 27. Rxd8+
Rxd8 28. Nf3 Ne5 29. Nxe5 Bxe5 30. Bxe5 Qxe5 31. Qb4 Qb2 32. Rb1 1-0

[Event "Hurtigskak-DM 2016"]
[Site "Fredericia"]
[Date "2016.09.25"]
[Round "6"]
[White "Fries Nielsen, Niels Jorgen"]
[Black "Ochsner, Bjorn Moller"]
[Result "1/2-1/2"]
[WhiteElo "2349"]
[BlackElo "2332"]
[PlyCount "47"]
[EventDate "2016.??.??"]

1. a3 e5 2. d4 exd4 3. Qxd4 Nc6 4. Qd3 d5 5. Nf3 Nf6 6. b4 Bd6 7. Bb2 Qe7 8.
Nbd2 O-O 9. e3 Re8 10. Be2 Bg4 11. O-O Rad8 12. Rfe1 Ne4 13. Nf1 Bxf3 14. Bxf3
Ne5 15. Qd1 Qf6 16. Rb1 Qg6 17. Ng3 Nxf3+ 18. gxf3 Ng5 19. f4 Ne4 20. Kg2 Nxg3
21. hxg3 Qe4+ 22. f3 Qc4 23. Qd3 Qxd3 24. cxd3 1/2-1/2

[Event "Hurtigskak-DM 2016"]
[Site "Fredericia"]
[Date "2016.09.25"]
[Round "6"]
[White "Rossen, Claus"]
[Black "Dyrgaard, Kristoffer"]
[Result "1-0"]
[WhiteElo "2046"]
[BlackElo "2282"]
[PlyCount "121"]
[EventDate "2016.??.??"]

1. e4 c5 2. Nf3 Nc6 3. d4 cxd4 4. Nxd4 Nf6 5. Nc3 e5 6. Ndb5 d6 7. Nd5 Nxd5 8.
exd5 Nb8 9. a4 Be7 10. Be3 a6 11. Na3 f5 12. f3 f4 13. Bf2 Bf5 14. Bd3 O-O 15.
Nc4 Nd7 16. a5 Rc8 17. Nb6 Nxb6 18. axb6 Qd7 19. O-O Rf6 20. c4 Rh6 21. b4 Bh4
22. Rc1 Bxf2+ 23. Rxf2 Bxd3 24. Qxd3 Qa4 25. Qb1 Rf6 26. c5 Qb5 27. cxd6 Rd8
28. Qe4 Rfxd6 29. Qxe5 Qxb6 30. Qxf4 Rxd5 31. g4 Rd4 32. Qf5 Rd2 33. Qc5 Rd1+
34. Rxd1 Rxd1+ 35. Kg2 Qxc5 36. bxc5 Rd7 37. f4 Rc7 38. Rb2 Kf7 39. Kf3 Ke6 40.
Ke4 g6 41. Rb6+ Ke7 42. f5 gxf5+ 43. gxf5 Kf7 44. Kd5 Rd7+ 45. Rd6 Rc7 46. h4
Kg7 47. h5 Kf7 48. h6 Ke7 49. Rb6 Rd7+ 50. Ke5 Rc7 51. f6+ Kf7 52. Kd6 Rc8 53.
Rxb7+ Kxf6 54. Rxh7 Kg6 55. Ra7 Kxh6 56. Rxa6 Kg7 57. c6 Rd8+ 58. Ke7 Rd4 59.
c7 Re4+ 60. Kd7 Rd4+ 61. Rd6 1-0

[Event "Hurtigskak-DM 2016"]
[Site "Fredericia"]
[Date "2016.09.25"]
[Round "6"]
[White "Antonsen, Mikkel"]
[Black "Skytte, Rasmus"]
[Result "1-0"]
[WhiteElo "2447"]
[BlackElo "2428"]
[PlyCount "130"]
[EventDate "2016.??.??"]

1. d4 Nf6 2. c4 c5 3. d5 b5 4. cxb5 a6 5. bxa6 g6 6. Nc3 Bg7 7. e4 O-O 8. a7
Rxa7 9. Nf3 d6 10. Be2 Ba6 11. O-O Qb6 12. a4 Qb4 13. Re1 Nbd7 14. Bd2 Bxe2 15.
Rxe2 Rfa8 16. b3 c4 17. Rb1 Ra6 18. Nb5 Qc5 19. Rc1 Rd8 20. Rxc4 Qb6 21. Qc2
Ng4 22. Rc6 Qb7 23. h3 Nge5 24. Nxe5 Bxe5 25. Rxa6 Qxa6 26. Qc6 Nc5 27. Qxa6
Nxa6 28. f4 Bg7 29. Bc3 Bxc3 30. Nxc3 Rc8 31. Nb5 Rc1+ 32. Kf2 Nb4 33. Nd4 Kf8
34. Rd2 Rc3 35. Ke2 Ke8 36. Rb2 Kd7 37. Nc6 Nxc6 38. dxc6+ Kxc6 39. b4 Kb6 40.
b5 Rc4 41. a5+ Kxa5 42. b6 Rc8 43. e5 d5 44. Ke3 Ka6 45. Kd4 Kb7 46. Kxd5 Rd8+
47. Ke4 e6 48. Kf3 Rd1 49. Kg4 h6 50. h4 Rd4 51. g3 Rd3 52. Rb4 h5+ 53. Kg5
Rxg3+ 54. Kf6 g5 55. fxg5 Rf3+ 56. Kg7 Rf5 57. Rd4 Kxb6 58. Rd7 Rxe5 59. Kxf7
Kc6 60. Ra7 Re4 61. g6 Rf4+ 62. Kxe6 Rxh4 63. g7 Rg4 64. Kf7 Rf4+ 65. Kg6 Kd6
1-0

[Event "Hurtigskak-DM 2016"]
[Site "Fredericia"]
[Date "2016.09.25"]
[Round "6"]
[White "Glud, Jakob Vang"]
[Black "Boe, Mads"]
[Result "1-0"]
[WhiteElo "2514"]
[BlackElo "2422"]
[PlyCount "69"]
[EventDate "2016.??.??"]

1. c4 e6 2. g3 f5 3. Bg2 Nf6 4. Nc3 d5 5. Nf3 d4 6. Nb5 c5 7. d3 a6 8. Qa4 Bd7
9. Ne5 Nc6 10. Nxd7 Qxd7 11. Na3 Bd6 12. Bd2 O-O 13. Nc2 e5 14. O-O-O e4 15. h3
Rae8 16. Bg5 h6 17. Bxf6 Rxf6 18. Rhf1 Kh8 19. e3 b5 20. cxb5 Ne5 21. Qxa6 exd3
22. Na3 dxe3 23. fxe3 c4 24. Bc6 Qe7 25. Bxe8 Qxe8 26. Rxf5 Rxf5 27. Qxd6 Rf6
28. Qd4 Qe6 29. Kb1 Rf8 30. Rc1 Nf3 31. Qc5 Rd8 32. Rd1 d2 33. Nc2 Qe4 34. Qc6
Qd3 35. Qxf3 1-0

[Event "Hurtigskak-DM 2016"]
[Site "Fredericia"]
[Date "2016.09.25"]
[Round "6"]
[White "Fries Nielsen, Jens Ove"]
[Black "Bank Friis, Carsten"]
[Result "0-1"]
[WhiteElo "2426"]
[BlackElo "2217"]
[PlyCount "56"]
[EventDate "2016.??.??"]

1. d4 Nf6 2. Bg5 c5 3. Bxf6 gxf6 4. dxc5 Qa5+ 5. Nc3 Qxc5 6. e4 e6 7. Qf3 Be7
8. O-O-O a6 9. Nge2 Nc6 10. Kb1 b5 11. Nf4 Ne5 12. Qg3 Bb7 13. Nd3 Nxd3 14.
cxd3 b4 15. Ne2 Qd6 16. Rc1 Qxg3 17. hxg3 Bd6 18. Rh5 Ke7 19. Nd4 Rac8 20. Rxc8
Rxc8 21. Nb3 Bc7 22. Nc5 Rb8 23. d4 Bb6 24. Nxb7 Rxb7 25. Bxa6 Rc7 26. Rxh7
Bxd4 27. f3 Be3 28. Bd3 Rc1# 0-1

[Event "Hurtigskak-DM 2016"]
[Site "Fredericia"]
[Date "2016.09.25"]
[Round "6"]
[White "Thogersen, Rasmus"]
[Black "Kristensen, Kaare Hove"]
[Result "1-0"]
[WhiteElo "2169"]
[BlackElo "2303"]
[PlyCount "81"]
[EventDate "2016.??.??"]

1. e4 c5 2. Nf3 Nf6 3. e5 Nd5 4. Nc3 e6 5. Nxd5 exd5 6. d4 Nc6 7. dxc5 Bxc5 8.
Bd3 d6 9. exd6 Qxd6 10. O-O O-O 11. c3 h6 12. Bc2 Ne7 13. Nd4 Bd7 14. Qd3 f5
15. Re1 Ng6 16. Nf3 Rad8 17. Be3 Bxe3 18. Qxe3 f4 19. Qxa7 b6 20. Qa6 Bg4 21.
Qd3 Rf6 22. Nd4 Ne5 23. Qh7+ Kf7 24. f3 Bc8 25. Re2 Ba6 26. Ree1 Bc8 27. Kh1
Nc4 28. Bf5 Ne3 29. Bxc8 Rxc8 30. Nc2 d4 31. Nxe3 fxe3 32. Qe4 dxc3 33. bxc3
Re8 34. Qc4+ Qe6 35. Qb3 Kf8 36. Qb4+ Kg8 37. Re2 Qd5 38. Qb3 Rd6 39. c4 Qe6
40. Rae1 Rc6 41. Rxe3 1-0

[Event "Hurtigskak-DM 2016"]
[Site "Fredericia"]
[Date "2016.09.25"]
[Round "6"]
[White "Borovnica, Tihomir"]
[Black "Schwarz, Frank"]
[Result "1-0"]
[WhiteElo "2239"]
[BlackElo "2248"]
[PlyCount "53"]
[EventDate "2016.??.??"]

1. d4 Nf6 2. c4 e6 3. Nc3 d5 4. Nf3 dxc4 5. e3 a6 6. Bxc4 b5 7. Bb3 Bb7 8. O-O
c5 9. Qe2 Nbd7 10. Rd1 Qc7 11. Bd2 Bd6 12. Rac1 O-O 13. h3 Qb6 14. a3 Rac8 15.
Be1 Rfd8 16. Ba2 Ne4 17. Nxe4 Bxe4 18. Ng5 Bg6 19. dxc5 Rxc5 20. Rxc5 Qxc5 21.
Nxe6 fxe6 22. Bb4 Qe5 23. Rxd6 Kh8 24. Qd2 Rc8 25. Rxd7 Qg5 26. Bc3 Rg8 27.
Bxe6 1-0

[Event "Hurtigskak-DM 2016"]
[Site "Fredericia"]
[Date "2016.09.25"]
[Round "7"]
[White "Antonsen, Mikkel"]
[Black "Rasmussen, Allan Stig"]
[Result "1/2-1/2"]
[WhiteElo "2447"]
[BlackElo "2528"]
[PlyCount "38"]
[EventDate "2016.??.??"]

1. d4 Nf6 2. c4 c5 3. d5 e5 4. Nc3 d6 5. e4 Nbd7 6. g3 a6 7. a4 Be7 8. Bg2 O-O
9. Nge2 Nh5 10. O-O g6 11. Bh6 Ng7 12. Qd2 f5 13. f4 Nf6 14. h3 exf4 15. Nxf4
Nxe4 16. Nxe4 fxe4 17. Bxe4 Bg5 18. Bxg5 Qxg5 19. Qg2 Bd7 1/2-1/2

[Event "Hurtigskak-DM 2016"]
[Site "Fredericia"]
[Date "2016.09.25"]
[Round "7"]
[White "Matthiesen, Martin"]
[Black "Fries Nielsen, Niels Jorgen"]
[Result "0-1"]
[WhiteElo "2255"]
[BlackElo "2349"]
[PlyCount "100"]
[EventDate "2016.??.??"]

1. c4 a6 2. d4 b5 3. e3 c6 4. Nf3 Nf6 5. Nc3 d5 6. b3 Bg4 7. h3 Bxf3 8. Qxf3 e6
9. Bd2 Bb4 10. Bd3 Qa5 11. Rc1 Nbd7 12. O-O O-O 13. Qe2 bxc4 14. bxc4 dxc4 15.
Bxc4 c5 16. a3 Bxc3 17. Rxc3 Ne4 18. Rd3 Nxd2 19. Qxd2 Qxd2 20. Rxd2 Nb6 21.
Be2 Rfd8 22. Rc1 cxd4 23. Rxd4 Rxd4 24. exd4 a5 25. Rc5 Kf8 26. Bf3 Ra7 27. Rc6
Nd7 28. Be2 Ke7 29. f4 Nb8 30. Rb6 Nd7 31. Rb5 Kd6 32. Kf2 Nf6 33. Bf3 Nd7 34.
Ke3 Ra6 35. Kd3 Ra7 36. g3 h6 37. Kc3 Kc7 38. h4 Kd6 39. Kb3 Kc7 40. d5 e5 41.
fxe5 Nxe5 42. Be2 Kd6 43. Ka4 Nd7 44. Rxa5 Nb6+ 45. Kb5 Rxa5+ 46. Kxa5 Nxd5 47.
Bf3 Ne3 48. Be2 Kc7 49. Kb5 Nf5 50. g4 Nd4+ 0-1

[Event "Hurtigskak-DM 2016"]
[Site "Fredericia"]
[Date "2016.09.25"]
[Round "7"]
[White "Ochsner, Bjorn Moller"]
[Black "Rossen, Claus"]
[Result "1-0"]
[WhiteElo "2332"]
[BlackElo "2046"]
[PlyCount "123"]
[EventDate "2016.??.??"]

1. e4 c5 2. Nf3 Nc6 3. Bb5 Nf6 4. Bxc6 dxc6 5. d3 Bg4 6. h3 Bxf3 7. Qxf3 e5 8.
O-O Be7 9. a4 O-O 10. Qg3 Qd6 11. Na3 Nh5 12. Qf3 Nf4 13. Nc4 Qf6 14. Bxf4 Qxf4
15. Qh5 b5 16. Qxe5 Qxe5 17. Nxe5 Bf6 18. Nxc6 b4 19. e5 Rfc8 20. Nxa7 Rxa7 21.
exf6 c4 22. dxc4 Rxc4 23. Rfd1 gxf6 24. Rd2 Rac7 25. a5 Ra7 26. b3 Rc5 27. a6
Rc6 28. Rd4 Rxc2 29. Rxb4 Rc6 30. Rba4 f5 31. Ra5 Rb6 32. R1a3 Kg7 33. Rxf5
Raxa6 34. Rxa6 Rxa6 35. Kf1 Ra2 36. Ke1 Kg6 37. Rf3 f5 38. Kd1 h5 39. h4 Kf6
40. g3 Ke5 41. Rf4 Rb2 42. b4 Ke6 43. Kc1 Re2 44. b5 Re5 45. Rb4 Kd7 46. b6 Kc8
47. b7+ Kb8 48. Kd2 Re7 49. Kd3 Re5 50. Rb2 Re7 51. Rb5 f4 52. gxf4 Rg7 53. Ke4
Rg4 54. Rxh5 Kxb7 55. Kf3 Rg7 56. Rg5 Rh7 57. h5 Kc7 58. Re5 Kd6 59. Kg4 Rg7+
60. Kf5 Rg2 61. Re2 Rh2 62. Ke4 1-0

[Event "Hurtigskak-DM 2016"]
[Site "Fredericia"]
[Date "2016.09.25"]
[Round "7"]
[White "Bank Friis, Carsten"]
[Black "Glud, Jakob Vang"]
[Result "1/2-1/2"]
[WhiteElo "2217"]
[BlackElo "2514"]
[PlyCount "132"]
[EventDate "2016.??.??"]

1. d4 Nf6 2. c4 e6 3. Nf3 d5 4. Nc3 Nbd7 5. cxd5 exd5 6. Bg5 c6 7. e3 Bd6 8.
Qc2 O-O 9. Bd3 h6 10. Bh4 a5 11. a4 Re8 12. O-O Nb6 13. Bg3 Bxg3 14. hxg3 Ng4
15. b3 Bd7 16. Rac1 Nc8 17. e4 dxe4 18. Nxe4 Bf5 19. Nc5 Bxd3 20. Nxd3 Nd6 21.
Nde5 Nf6 22. Rfe1 Nd5 23. Nc4 Qc7 24. Rxe8+ Rxe8 25. Qd2 Nb4 26. Re1 Rd8 27.
Qc3 b6 28. Nce5 Nf5 29. g4 Ne7 30. g5 h5 31. Qc4 Rd5 32. g6 Nxg6 33. Nxg6 fxg6
34. Re8+ Kf7 35. Qe2 Qd7 36. Rb8 Qe7 37. Ne5+ Rxe5 38. dxe5 Nd5 39. Qf3+ Ke6
40. Qe4 Qg5 41. g3 Qf5 42. Qc4 Kxe5 43. Qxc6 Qb1+ 44. Kg2 Qxb3 45. Re8+ Kd4 46.
Qxg6 Qd3 47. Qxg7+ Kc4 48. Qb7 Kb4 49. Re5 Kc5 50. Rxh5 Qe4+ 51. Kh2 Qf3 52.
Qc8+ Kb4 53. Rh4+ Ka3 54. Qc2 Nb4 55. Qd2 Kxa4 56. Rf4 Qh5+ 57. Kg2 Qe5 58.
Qa2+ Kb5 59. Qc4+ Ka4 60. Qc6+ Kb3 61. Qxb6 Qd5+ 62. Kh2 Qh5+ 63. Kg1 Qd1+ 64.
Kg2 Qd5+ 65. Kh2 Qh5+ 66. Kg2 Qd5+ 1/2-1/2